A ilusão do saber (Registo nº 11878)

Detalhes MARC
000 -Etiqueta do registo
Valores 00536nam a22001691i 4500
090 ## -
-- 11878
010 ## - Número ISBN
ISBN 9789724216188
100 ## - Dados gerais de processamento
Dados gerais 20170304u u u0frey50 ba
101 0# - Língua de publicação
-- por
200 1# - Titulo e menção de responsabilidade
Primeira menção de responsabilidade Massimo Piattelli-Palmarini
Título próprio A ilusão do saber
215 ## - Descrição física 
Paginação / Volumes 160, [2] p.
Dimensões 24 cm
210 ## - Publicação
Nome do editor Círculo de Leitores
Local de publicação Lisboa
Data de publicação imp. 1997
702 #1 - Autor secundário (pessoa individual)
Apelido Pinheiro
Nome Jorge
-- 730
700 #1 - Autor principal (pessoa individual)
Apelido Piattelli-Palmarini
Nome Massimo
-- 070
996 ## - ISO2709
-- 0013242
-- PAL
-- 00000000
-- 00000000
-- BMVAAL
-- 3
-- Alcáçovas
-- Psicologia
-- 25
-- Livro
-- 0
-- 1
990 ## - Elementos KOHA
Tipo de documento Livro
Exemplares
Situação do levantamento Estado Biblioteca de origem Biblioteca de empréstimo Código de barras Cota Permissão de empréstimo Tipo de documento
  Completo Biblioteca Municipal de Viana Do Alentejo Biblioteca Municipal de Viana Do Alentejo Pólo Alcáçovas 0017039 159.9 PAL Disponível Livro




Powered by Koha